000 01149nam0a2200313 4500
001 RU\NLR\ONL1\17949
005 20250806203046.0
035 _a(NLR Aleph) 009646687
090 _a62437
_c62437
100 _a20110406d1944 k y0rusy50 ca
101 0 _akom
102 _aRU
105 _ay |||||||||
200 1 _aСинтаксис кузя упражнениеяслöн сборник, VII класс
_fА. В. Булышев да М. А. Сахарова
210 _aСыктывкар
_cКомигиз
_d1944
215 _a96 с.
_d22
541 1 _aСборник упражнений по синтаксису коми языка
_zrus
606 0 _aКоми-зырянский язык
_xПреподавание в школе
_2nlr-sh2
_2nlr-sh1
_3RU\NLR\auth-onl\6681
686 1 _aЧ426.151
700 1 _aБулышев
_bА. В.
_4070
701 1 _aСахарова
_bМ. А.
_4070
801 0 _aRU
_bNLR
_c20110406
_gPSBO
852 _aНБ РК
852 _aNLR
_bОНЛ
_jКоми-з./3-407
942 _cBOOK
945 _aРоссийская национальная библиотека
980 _aNB
980 _aBV